1396 1396 1609 1991 1722 1349 1136 1134 1911 1002 1292 1738 1559 1431 1052 1182 1356 1473 1044 1267 1139 1092 1732 1661 1986 1575 1860 1877 1559 1936 1205 1059 1697 1527 1997 1508 1411 1411 1828 1785 1737 1091 1673 1014 1276 1842 1068 1043 1434 1507 1364 1566 1616 1918 1050 1257 1063 1383 1317 1968 1347 1075 1711 1182 1689 1575 1705 1829 1119 1765 1449 1957 1370 1247 1737 1282 1023 1500 1477 1879 1371 1219 1594 1396 1793 1883 1182 1753 1179 1240 1215 2000 1880 1973 1180 1523 1304 1628 1789 BCNSPRNW ULIB Ver.6.0+V

เปลี่ยนเป็นภาษาไทย

Change to English
 แสดงรายละเอียดบรรณานุกรม
  กลับหน้าหลัก

Brief Record : Get Marc (ISO 2709) : E-mail record : QR code < ปิดหน้าต่าง
LEADER : 00000nam 2200000uu 4500
001    13399113085
003     ULIB
008    110926s2551||||th 000 0 tha d
020    9789741359424
050  4 PN4160^bส312ก 2551
100 0  สมิต สัชฌุกร
245 10 การพูดต่อชุมนุมชน =^bPublic speaking /^cสมิต สัชฌุกร
246 31 Public speaking
250    พิมพ์ครั้งที่ 2
260    กรุงเทพฯ :^bสายธาร,^c2551
300    184 หน้า ;^c21 ซม.
650  4 การพูดในชุมนุมชน
945    ^p150^l0^i024408
995    ทศพร
999 ^a ทศพร
รายการนี้ยังไม่มีแท็ก
คุณยังไม่ได้ล็อกอิน คุณสามารถมีกิจกรรมร่วมกับเว็บไซต์ได้ แต่ต้องล็อกอินก่อน ::
  ล็อกอิน

รายการสื่อสารสนเทศ

ลำดับที่ ประเภท เลขเรียก/บาร์โค้ด สถานที่ สถานะ
- ไม่พบข้อมูล -

รายการใกล้เคียง
    ผู้แต่ง [สมิต สัชฌุกร]

    หัวเรื่อง [การพูดในชุมนุมชน]

BibComment


ยังไม่เคยถูกคอมเมนท์

คอมเมนท์ทรัพยากรรายการนี้
  คอมเมนท์: การพูดต่อชุมนุมชน..


 Copyright 2026. Bcnsprnw @Library